000 00622nam a22001817a 4500
003 LK-CoDNM
005 20241226122747.0
008 240905b |||||||| |||| 00| 0 eng
040 _aLK-CoDNM
_dLK-CoDNM
_eLK-CoDNM
041 _asin
080 _aRC
_b137
245 _aගාල්ලේ මිණිවන්ගොඩ පරමානන්ද විහාර කතිකාවත
260 _aගාල්ල පරමානන්ද විහාරභිවධර්න සමිතිය
_c1911
300 _a 20 cm
500 _aHand Wittenbook
650 _aපුරාතණ ගද්‍ය
942 _cBK
999 _c234219
_d234219